[Event "Steyr Landesliga 1819"]
[Site "Austria"]
[Date "2019.01.12"]
[Round "6.5"]
[White "Buchegger, Karl"]
[Black "Polansek, Justin"]
[Result "1/2-1/2"]
[WhiteElo "2060"]
[BlackElo "2018"]
[PlyCount "53"]
[EventDate "2018.10.06"]
[EventType "team-tourn"]
[EventRounds "11"]
[EventCountry "AUT"]
[SourceTitle "CBM 189 Extra"]
[Source "ChessBase"]
[SourceDate "2019.05.31"]
[SourceVersion "1"]
[SourceVersionDate "2019.05.31"]
[SourceQuality "1"]
[WhiteTeam "Pinggau Friedberg"]
[BlackTeam "Leibnitz"]
[WhiteTeamCountry "AUT"]
[BlackTeamCountry "AUT"]

1. c4 g6 2. Nc3 Bg7 3. g3 c5 4. Bg2 Nc6 5. Nf3 e5 6. 0-0 Nge7 7. d3 0-0 8. Rb1 d6 9. a3 Rb8 10. b4 b6 11. Bd2 h6 12. e3 Kh7 13. Qc2 Bg4 14. h3 Be6 15. b5 Na5 16. e4 Qd7 17. Kh2 f5 18. Nd5 Nb7 19. Nh4 Nd8 20. f4 exf4 21. gxf4 Bxd5 22. exd5 Ng8 23. Rfe1 Rb7 24. Re2 Re8 25. Rbe1 Rxe2 26. Rxe2 Qf7 27. Qd1 1/2-1/2

[Event "Steyr Landesliga 1213"]
[Site "Austria"]
[Date "2013.03.16"]
[Round "8.6"]
[White "Buchegger, Karl"]
[Black "Fluch, Christian"]
[Result "0-1"]
[WhiteElo "2092"]
[BlackElo "1831"]
[PlyCount "82"]
[EventDate "2012.09.22"]
[EventType "team-tourn"]
[EventRounds "11"]
[EventCountry "AUT"]
[SourceTitle "EXT 2014"]
[Source "ChessBase"]
[SourceDate "2013.11.20"]
[SourceVersion "1"]
[SourceVersionDate "2013.11.20"]
[SourceQuality "1"]
[WhiteTeam "Pinggau Friedberg"]
[BlackTeam "Trofaiach Niklasdorf"]
[WhiteTeamCountry "AUT"]
[BlackTeamCountry "AUT"]

1. c4 Nf6 2. Nc3 c5 3. g3 g6 4. Bg2 Bg7 5. e4 Nc6 6. Nge2 0-0 7. 0-0 d6 8. a3 a6 9. Rb1 Rb8 10. d4 cxd4 11. Nxd4 Nxd4 12. Qxd4 b5 13. Qa7 Be6 14. Nd5 Nd7 15. cxb5 axb5 16. Bg5 f6 17. Be3 f5 18. Bg5 Rf7 19. Rfc1 Bxd5 20. exd5 Nc5 21. Rxc5 dxc5 22. Qxc5 Qd6 23. Qc6 Be5 24. b4 Rff8 25. Qc2 e6 26. Qb3 exd5 27. Bxd5+ Kg7 28. Rd1 Qb6 29. Be7 Rfc8 30. Bc5 Qf6 31. f4 Bc3 32. Rd3 Bb2 33. Rd2 Ba1 34. Ba7 Rc1+ 35. Kg2 Re8 36. Qd3 Bc3 37. Qxb5 Re7 38. Re2 Rxa7 39. Qe8 Qd6 40. Qg8+ Kh6 41. g4 Qxf4 0-1

[Event "Steyr Landesliga 1213"]
[Site "Austria"]
[Date "2012.09.22"]
[Round "1.5"]
[White "Grosse, Manfred"]
[Black "Buchegger, Karl"]
[Result "0-1"]
[WhiteElo "1986"]
[BlackElo "2092"]
[PlyCount "84"]
[EventDate "2012.09.22"]
[EventType "team-tourn"]
[EventRounds "11"]
[EventCountry "AUT"]
[SourceTitle "EXT 2014"]
[Source "ChessBase"]
[SourceDate "2013.11.20"]
[SourceVersion "1"]
[SourceVersionDate "2013.11.20"]
[SourceQuality "1"]
[WhiteTeam "Graz Post"]
[BlackTeam "Pinggau Friedberg"]
[WhiteTeamCountry "AUT"]
[BlackTeamCountry "AUT"]

1. e4 c5 2. Nf3 e6 3. d4 cxd4 4. Nxd4 a6 5. Nc3 Qc7 6. Bd3 b5 7. 0-0 Bb7 8. a3 Nf6 9. Bg5 Be7 10. Qe2 d6 11. Rac1 0-0 12. Nb1 h6 13. Bh4 Rc8 14. f3 Nbd7 15. Nb3 Ne5 16. Bf2 Nc4 17. c3 d5 18. Nd4 dxe4 19. fxe4 Ne5 20. Bc2 Nfg4 21. Bg3 Bg5 22. Rce1 Ne3 23. Qxe3 Bxe3+ 24. Rxe3 Re8 25. Nd2 f6 26. Bb3 Qd7 27. Rfe1 Rac8 28. Nf1 a5 29. h3 b4 30. Bxe5 fxe5 31. Nf3 bxc3 32. bxc3 Rc5 33. N1h2 Qc7 34. c4 Ba6 35. Ba4 Rd8 36. Bb5 Bxb5 37. cxb5 Rxb5 38. Kf2 Rb2+ 39. R1e2 Rxe2+ 40. Rxe2 Qc5+ 41. Kg3 Qc3 42. Ng4 Qb3 0-1

[Event "AUT-chT2S 9900"]
[Site "Austria"]
[Date "2000.02.26"]
[Round "7.3"]
[White "Egartner, Wolfgang"]
[Black "Buchegger, Karl"]
[Result "1-0"]
[WhiteElo "2141"]
[BlackElo "2196"]
[PlyCount "73"]
[EventDate "1999.10.??"]
[EventType "team-tourn"]
[EventRounds "11"]
[EventCountry "AUT"]
[SourceTitle "EXT 2002"]
[Source "ChessBase"]
[SourceDate "2001.11.25"]
[SourceVersion "1"]
[SourceVersionDate "2001.11.25"]
[SourceQuality "1"]

1. d4 Nf6 2. g3 c5 3. c3 cxd4 4. cxd4 g6 5. Bg2 Bg7 6. Nc3 d5 7. Nf3 Nc6 8. 0-0 0-0 9. Qb3 Na5 10. Qa4 a6 11. Ne5 Be6 12. Qd1 Rc8 13. Na4 b6 14. Bf4 Nc4 15. Rc1 Ng4 16. Nxc4 dxc4 17. Bb7 b5 18. Nc5 Rxc5 19. dxc5 Bxb2 20. Qxd8 Rxd8 21. Rfd1 Rf8 22. Rc2 c3 23. Bc1 Bxa2 24. Bxb2 Bb3 25. Rxc3 Bxd1 26. c6 b4 27. Rc4 Bxe2 28. Rxb4 Rd8 29. c7 Rd1+ 30. Kg2 Bf1+ 31. Kf3 Nxh2+ 32. Kf4 f6 33. c8Q+ Kg7 34. Be4 Re1 35. Bxf6+ exf6 36. Rb7+ Kh6 37. Qf8+ 1-0

[Event "AUT-chT2S 9899"]
[Site "Austria"]
[Date "1999.03.07"]
[Round "8.5"]
[White "Pesorda, Ivan"]
[Black "Buchegger, Karl"]
[Result "1-0"]
[WhiteElo "2220"]
[BlackElo "2195"]
[PlyCount "85"]
[EventDate "1998.10.??"]
[EventType "team-tourn"]
[EventRounds "11"]
[EventCountry "AUT"]
[SourceTitle "EXT 2001"]
[Source "ChessBase"]
[SourceDate "2000.11.22"]
[SourceVersion "1"]
[SourceVersionDate "2000.11.22"]
[SourceQuality "1"]

1. d4 d5 2. c4 e6 3. Nc3 c6 4. Nf3 f5 5. g3 Nf6 6. Bg2 Bd6 7. Bf4 0-0 8. 0-0 Qe7 9. c5 Bxf4 10. gxf4 Bd7 11. b4 Be8 12. Qd3 Ne4 13. a4 Nd7 14. b5 Ndf6 15. Na2 Nh5 16. e3 g5 17. fxg5 Nxg5 18. Nxg5 Qxg5 19. f4 Qg7 20. Nc3 Kh8 21. Rf3 Rg8 22. Qe2 Rc8 23. Rh3 Nf6 24. Rg3 Qh6 25. Rxg8+ Kxg8 26. Rb1 Rc7 27. b6 axb6 28. cxb6 Rc8 29. a5 Rb8 30. Na4 Nd7 31. Nc5 Nxc5 32. dxc5 Bh5 33. Qb2 Qf8 34. Qe5 Re8 35. Qd4 Be2 36. Rb2 Bh5 37. Ra2 Ra8 38. Bf1 Bf3 39. a6 Kf7 40. a7 Be4 41. Bg2 Qg7 42. Qxg7+ Kxg7 43. Bf1 1-0

[Event "AUT-chT2S 9899"]
[Site "Austria"]
[Date "1999.01.23"]
[Round "5.4"]
[White "Steiner, Bruno"]
[Black "Buchegger, Karl"]
[Result "1-0"]
[WhiteElo "2185"]
[BlackElo "2195"]
[PlyCount "47"]
[EventDate "1998.10.??"]
[EventType "team-tourn"]
[EventRounds "11"]
[EventCountry "AUT"]
[SourceTitle "EXT 2001"]
[Source "ChessBase"]
[SourceDate "2000.11.22"]
[SourceVersion "1"]
[SourceVersionDate "2000.11.22"]
[SourceQuality "1"]

1. e4 c5 2. Nf3 e6 3. d4 cxd4 4. Nxd4 a6 5. Nc3 Qc7 6. Bd3 b5 7. 0-0 Bb7 8. Qe2 d6 9. Kh1 Nf6 10. f4 Nbd7 11. Bd2 Nc5 12. a3 Be7 13. Rae1 0-0-0 14. b4 Nxd3 15. cxd3 Qd7 16. a4 bxa4 17. Ra1 a3 18. Rxa3 d5 19. e5 Ne8 20. Rb3 Kb8 21. b5 Ka8 22. bxa6 Bxa6 23. Ncb5 Nc7 24. Ra1 1-0

[Event "AUT-chT2S 9899"]
[Site "Austria"]
[Date "1998.11.22"]
[Round "4.4"]
[White "Buchegger, Karl"]
[Black "Genser, Harald"]
[Result "1/2-1/2"]
[WhiteElo "2195"]
[BlackElo "2155"]
[PlyCount "90"]
[EventDate "1998.10.??"]
[EventType "team-tourn"]
[EventRounds "11"]
[EventCountry "AUT"]
[SourceTitle "EXT 2001"]
[Source "ChessBase"]
[SourceDate "2000.11.22"]
[SourceVersion "1"]
[SourceVersionDate "2000.11.22"]
[SourceQuality "1"]

1. Nf3 Nf6 2. c4 b6 3. g3 c5 4. Bg2 Bb7 5. 0-0 e6 6. d4 cxd4 7. Nxd4 Bxg2 8. Kxg2 a6 9. Nc3 Qc7 10. Qd3 Nc6 11. Nxc6 Qxc6+ 12. Kg1 Rc8 13. Be3 Bc5 14. Rac1 0-0 15. Bxc5 Qxc5 16. b3 Rfd8 17. e4 d6 18. Kg2 Qc7 19. Rfd1 Kf8 20. h3 Qb7 21. f3 Ke7 22. Kh2 Rd7 23. Re1 Rc5 24. a4 Kf8 25. Rcd1 Rc8 26. f4 Rcd8 27. Qe2 Qc7 28. Rd3 Qc5 29. Red1 Ke7 30. g4 Ne8 31. h4 Qc7 32. Kh3 Kf8 33. Qd2 Qc6 34. Kg3 Nc7 35. g5 b5 36. axb5 axb5 37. cxb5 Nxb5 38. Nxb5 Qxb5 39. Rc1 Ke7 40. Rcc3 Qb7 41. Qe3 Ra8 42. Rd4 Ra6 43. Ra4 Rb6 44. Qd3 Rb5 45. Rd4 Rb6 1/2-1/2

[Event "Oberwart op"]
[Site "Oberwart"]
[Date "1997.07.12"]
[Round "8"]
[White "Sulyok, Michael"]
[Black "Buchegger, Karl"]
[Result "1/2-1/2"]
[WhiteElo "2220"]
[BlackElo "1962"]
[PlyCount "38"]
[EventDate "1997.07.05"]
[EventType "swiss"]
[EventRounds "9"]
[EventCountry "AUT"]
[SourceTitle "EXT 1999"]
[Source "ChessBase"]
[SourceDate "1998.11.16"]
[SourceVersion "1"]
[SourceVersionDate "1998.11.16"]
[SourceQuality "1"]

1. c4 f5 2. g3 Nf6 3. Bg2 g6 4. Nc3 Bg7 5. d3 d6 6. Nf3 0-0 7. 0-0 e5 8. Rb1 Nc6 9. b4 Ne7 10. Qb3 Kh8 11. Bd2 h6 12. c5 g5 13. cxd6 cxd6 14. Rfc1 Bd7 15. b5 f4 16. b6 axb6 17. Qxb6 Qxb6 18. Rxb6 Bc6 19. gxf4 Nfd5 1/2-1/2

[Event "AUT-chT2S 9596"]
[Site "Austria"]
[Date "1995.??.??"]
[Round "?"]
[White "Buchegger, Karl"]
[Black "Jancar, Ewald"]
[Result "1/2-1/2"]
[WhiteElo "1980"]
[BlackElo "2050"]
[PlyCount "47"]
[EventDate "1995.??.??"]
[EventType "team-tourn"]
[EventRounds "11"]
[EventCountry "AUT"]
[SourceTitle "EXT 1999"]
[Source "ChessBase"]
[SourceDate "1998.11.16"]
[SourceVersion "1"]
[SourceVersionDate "1998.11.16"]
[SourceQuality "1"]

1. d4 d5 2. Bg5 Nd7 3. e3 Ngf6 4. f4 Ne4 5. Bh4 f5 6. Nd2 Ndf6 7. Be2 Nxd2 8. Qxd2 Ne4 9. Qd1 Qd6 10. c3 Bd7 11. Nf3 Qb6 12. Rb1 Bb5 13. 0-0 e6 14. Ne5 Bxe2 15. Qxe2 g6 16. Rfc1 Bd6 17. b4 Bxe5 18. fxe5 0-0 19. c4 c6 20. Be7 Rf7 21. c5 Qc7 22. Bd6 Qd8 23. b5 Qg5 24. bxc6 1/2-1/2

[Event "AUT-chT2S 9596"]
[Site "Austria"]
[Date "1995.??.??"]
[Round "?"]
[White "Janisch, Robert"]
[Black "Buchegger, Karl"]
[Result "0-1"]
[WhiteElo "2075"]
[BlackElo "1980"]
[PlyCount "99"]
[EventDate "1995.??.??"]
[EventType "team-tourn"]
[EventRounds "11"]
[EventCountry "AUT"]
[SourceTitle "EXT 1999"]
[Source "ChessBase"]
[SourceDate "1998.11.16"]
[SourceVersion "1"]
[SourceVersionDate "1998.11.16"]
[SourceQuality "1"]

1. d4 d5 2. Nf3 e6 3. g3 c6 4. Bg2 f5 5. 0-0 Bd6 6. c4 Nf6 7. Bf4 Bxf4 8. gxf4 0-0 9. Nbd2 Bd7 10. Ne5 Be8 11. c5 Nbd7 12. Nd3 Bh5 13. f3 Ne8 14. Qe1 Qf6 15. Qf2 Kh8 16. Kh1 g5 17. e4 Ng7 18. e5 Qh6 19. fxg5 Qxg5 20. Rg1 f4 21. Bh3 Qe7 22. Rg2 Rf7 23. Rag1 Bg6 24. Nc1 Nf5 25. Bxf5 Bxf5 26. b4 Bg6 27. a4 Rf5 28. Ncb3 Rg8 29. b5 Nb8 30. Na5 Rh5 31. Rg4 Rf8 32. Qg2 Qf7 33. Rg5 Rxg5 34. Qxg5 Qc7 35. Nab3 Qf7 36. Na5 Qc7 37. Qh6 Rg8 38. Ndb3 Qf7 39. Rg4 Bf5 40. Rxg8+ Kxg8 41. Qg5+ Bg6 42. Qd8+ Kg7 43. Nxb7 Qxb7 44. Na5 Qf7 45. Qxb8 Qf5 46. bxc6 Qd3 47. Qb7+ Kh6 48. Qb5 Qxf3+ 49. Kg1 Qe3+ 50. Kf1 0-1

[Event "AUT-chT2S 9596"]
[Site "Austria"]
[Date "1995.??.??"]
[Round "?"]
[White "Wilfling, Hermann"]
[Black "Buchegger, Karl"]
[Result "0-1"]
[WhiteElo "2110"]
[BlackElo "1980"]
[PlyCount "80"]
[EventDate "1995.??.??"]
[EventType "team-tourn"]
[EventRounds "11"]
[EventCountry "AUT"]
[SourceTitle "EXT 1999"]
[Source "ChessBase"]
[SourceDate "1998.11.16"]
[SourceVersion "1"]
[SourceVersionDate "1998.11.16"]
[SourceQuality "1"]

1. e4 c5 2. Nf3 e6 3. d4 cxd4 4. Nxd4 a6 5. c4 Nf6 6. Bd3 Qc7 7. 0-0 Be7 8. Nc3 Nc6 9. Nxc6 dxc6 10. f4 e5 11. f5 h5 12. Kh1 Bc5 13. Rb1 Ng4 14. Qe2 Qe7 15. Nd1 Nxh2 16. f6 Nxf1 17. Qxf1 Qxf6 18. Qe1 h4 19. Be3 Bxe3 20. Qxe3 h3 21. g3 Bg4 22. Kh2 Rd8 23. Nf2 Qf3 24. Qxf3 Bxf3 25. Re1 g5 26. Re3 g4 27. Re1 Rd4 28. Rc1 Ke7 29. Re1 Rhd8 30. Re3 b5 31. c5 a5 32. Kg1 Rh8 33. Kh2 Rb4 34. b3 a4 35. Bc2 Rd4 36. Bd3 axb3 37. axb3 Ra8 38. Kg1 Ra1+ 39. Kh2 Ra2 40. Kg1 Rxf2 0-1